000 00486nam a2200193Ia 4500
005 20240823025453.0
008 240823s9999||||xx |||||||||||||| ||und||
020 _a978-81-224-2080-7
041 _aENGLISH
082 _A574.191 P9
100 _aNarayanan P
245 0 _aEssentials of Biophysics
250 _a2nd
260 _c2009
_bNew Age International (P
_aNew Delhi
500 _aTRANSFERED
650 _aEssential of Biophysics
_bPhysics
942 _cBK
999 _c186395
_d186395